English Food Vocabulary - Statistics

General Stats
  • This quiz has been taken 220 times
  • The average score is 15 of 16
Answer Stats
Picture Answer % Correct
bread
98%
cheese
98%
egg
98%
banana
97%
milk
97%
apple
96%
orange
96%
potato
96%
rice
96%
tomato
96%
pasta
94%
fish
93%
onion
93%
chicken
92%
butter
89%
ham
86%
No matching quizzes found
Score Distribution
Percent of People with Each Score
Percentile by Number Answered
Your Score History
You have not taken this quiz